| 000 | 01041nam a2200265 i 4500 | ||
|---|---|---|---|
| 001 | 67148 | ||
| 003 | ES-MaACL | ||
| 005 | 20250806062533.0 | ||
| 007 | t| | ||
| 008 | 910927s1989 sp |||| | spa d | ||
| 020 | _a84-7812-059-9 | ||
| 080 | _a929 Carlos (460) III | ||
| 080 | _a946.0"1759/88" | ||
| 100 | 1 |
_aAguilar Piñal, Francisco. _918744 |
|
| 245 | 1 | 0 |
_aCarlos III en el recuerdo _b: (honras fúnebres en memoria del rey difunto) / _cpor Francisco Aguilar Piñal. |
| 260 |
_aMadrid : _bAyuntamiento de Madrid, Area de Cultura, Educación, Juventud y Deportes : _bInstituto de Estudios Madrileños, _c1989. |
||
| 300 |
_a38 p ; _c22 cm. |
||
| 490 | 1 |
_aCiclo de conferencias: El Madrid de Carlos III ; _v21 |
|
| 600 | 0 | 4 |
_aCarlos _bIII, _cRey de España _935305 |
| 651 | 4 |
_aEspaña- _xHistoria- _y1759-1788, Carlos III. _98240 |
|
| 710 | 2 |
_aInstituto de Estudios Madrileños _94916 |
|
| 830 | 0 | 0 |
_aCiclo de conferencias: El Madrid de Carlos III _v21 _9180033 |
| 852 |
_aES-MaACL _j2172-F-22 |
||
| 999 |
_c67148 _d67148 |
||